[Event "IBCA EU-chT blind 2nd"]
[Site "Calimanesti"]
[Date "2019.10.07"]
[Round "3.3"]
[White "Rutkowski, Jerzy"]
[Black "Carapit, Vasile"]
[Result "1/2-1/2"]
[WhiteElo "1969"]
[BlackElo "1782"]
[PlyCount "50"]
[EventDate "2019.10.05"]
[EventType "team-swiss"]
[EventRounds "9"]
[EventCountry "ROU"]
[SourceTitle "CBM 192 Extra"]
[Source "Chessbase"]
[SourceDate "2019.11.06"]
[SourceVersion "1"]
[SourceVersionDate "2019.11.06"]
[SourceQuality "1"]
[WhiteTeam "Poland"]
[BlackTeam "Romania II"]
[WhiteTeamCountry "POL"]
[BlackTeamCountry "ROU"]

1. e4 e6 2. d4 d5 3. exd5 exd5 4. Bd3 Bd6 5. Nc3 c6 6. Qe2+ Ne7 7. Bg5 0-0 8. 0-0-0 Re8 9. h4 h6 10. Be3 Nf5 11. Qd2 Qf6 12. Bf4 Bxf4 13. Qxf4 Qxd4 14. Qf3 Qf6 15. Nge2 Be6 16. g4 Ne7 17. Qg3 g5 18. f4 gxf4 19. Nxf4 Ng6 20. Nh5 Qh8 21. Rdf1 Nd7 22. g5 Re7 23. Nf6+ Kg7 24. Qd6 Qb8 25. gxh6+ Kxh6 1/2-1/2

[Event "IBCA EU-chT blind 2nd"]
[Site "Calimanesti"]
[Date "2019.10.05"]
[Round "1.3"]
[White "Carapit, Vasile"]
[Black "Marchidan, Costica"]
[Result "1/2-1/2"]
[WhiteElo "1782"]
[BlackElo "1816"]
[PlyCount "53"]
[EventDate "2019.10.05"]
[EventType "team-swiss"]
[EventRounds "9"]
[EventCountry "ROU"]
[SourceTitle "CBM 192 Extra"]
[Source "Chessbase"]
[SourceDate "2019.11.06"]
[SourceVersion "1"]
[SourceVersionDate "2019.11.06"]
[SourceQuality "1"]
[WhiteTeam "Romania II"]
[BlackTeam "Romania"]
[WhiteTeamCountry "ROU"]
[BlackTeamCountry "ROU"]

1. e4 e6 2. Nf3 d5 3. exd5 exd5 4. d4 Bd6 5. Bd3 Nf6 6. h3 0-0 7. 0-0 Nbd7 8. Be3 Ne4 9. c4 c6 10. Nc3 Nxc3 11. bxc3 dxc4 12. Bxc4 Qa5 13. Qc2 Nf6 14. Rfe1 Bf5 15. Bd3 Bxd3 16. Qxd3 Rfe8 17. c4 Qa6 18. a4 Bb4 19. Reb1 Ba5 20. Qb3 Re7 21. Bg5 h6 22. Bh4 g5 23. Bg3 Ne4 24. Bh2 Rae8 25. Qd3 Nc3 26. Rf1 Qb6 27. Be5 1/2-1/2

[Event "IBCA EU-ch blind 06th"]
[Site "Lyon"]
[Date "2015.07.31"]
[Round "7"]
[White "Tonteri, Ari"]
[Black "Carapit, Vasile"]
[Result "1/2-1/2"]
[WhiteElo "1938"]
[BlackElo "1768"]
[PlyCount "86"]
[EventDate "2015.07.25"]
[EventType "swiss"]
[EventRounds "9"]
[EventCountry "FRA"]
[SourceTitle "CBM 167 Extra"]
[Source "ChessBase"]
[SourceDate "2015.09.14"]
[SourceVersion "1"]
[SourceVersionDate "2015.09.14"]
[SourceQuality "1"]

1. e4 e6 2. d4 d5 3. Nc3 Nf6 4. Bg5 Be7 5. e5 Nfd7 6. Bxe7 Qxe7 7. f4 a6 8. Nf3 c5 9. Qd2 Nc6 10. 0-0-0 b5 11. dxc5 Nxc5 12. Qe3 Bb7 13. Kb1 Rd8 14. Nd4 0-0 15. h4 b4 16. Nce2 Ne4 17. Nxc6 Bxc6 18. g3 f6 19. exf6 Rxf6 20. Nd4 Bb7 21. Bh3 e5 22. Nf5 Qc7 23. Rhf1 exf4 24. Rxf4 Re8 25. Qd4 Nxg3 26. Qxb4 Nxf5 27. Rxf5 Re4 28. Qd2 Qe7 29. Rxf6 Qxf6 30. Bg2 Rxh4 31. Bxd5+ Bxd5 32. Qxd5+ Kf8 33. Qc5+ Ke8 34. Re1+ Kf7 35. Qd5+ Kg6 36. a3 Rd4 37. Rg1+ Kh6 38. Rh1+ Rh4 39. Re1 Rd4 40. Qg8 Qf3 41. Qe6+ g6 42. Qxa6 Rd1+ 43. Rxd1 Qxd1+ 1/2-1/2

[Event "IBCA Wch blind 13th"]
[Site "Katerini"]
[Date "2014.05.14"]
[Round "9"]
[White "Carapit, Vasile"]
[Black "Pirosca, Alexandru"]
[Result "1/2-1/2"]
[WhiteElo "1793"]
[BlackElo "2011"]
[PlyCount "39"]
[EventDate "2014.05.05"]
[EventType "swiss"]
[EventRounds "9"]
[EventCountry "GRE"]
[SourceTitle "CBM 160 Extra"]
[Source "ChessBase"]
[SourceDate "2014.07.01"]
[SourceVersion "1"]
[SourceVersionDate "2014.07.01"]
[SourceQuality "1"]

1. d4 e6 2. Nf3 Nf6 3. Bf4 d5 4. h3 c6 5. c3 h6 6. e3 Bd6 7. Bxd6 Qxd6 8. Be2 0-0 9. 0-0 Nbd7 10. Nbd2 e5 11. dxe5 Nxe5 12. Nxe5 Qxe5 13. Nf3 Qe7 14. Qd2 Bf5 15. Nd4 Qd7 16. Nxf5 Qxf5 17. Bf3 Rad8 18. Rfd1 Rfe8 19. Qd3 Qxd3 20. Rxd3 1/2-1/2

[Event "ROM-ch"]
[Site "Sarata Monteoru"]
[Date "2012.02.20"]
[Round "10"]
[White "Carapit, Vasile"]
[Black "Ionita, Ioan"]
[Result "1/2-1/2"]
[WhiteElo "1849"]
[BlackElo "1720"]
[PlyCount "85"]
[EventDate "2012.02.13"]
[EventType "swiss"]
[EventRounds "11"]
[EventCountry "ROU"]
[SourceTitle "CBM 147 Extra"]
[Source "ChessBase"]
[SourceDate "2012.04.24"]
[SourceVersion "1"]
[SourceVersionDate "2012.04.24"]
[SourceQuality "1"]

1. e4 c5 2. Nf3 d6 3. Bc4 Nf6 4. c3 Nc6 5. d3 e6 6. 0-0 Be7 7. Nbd2 a6 8. a4 0-0 9. h3 Qc7 10. Re1 b6 11. Nf1 d5 12. exd5 Nxd5 13. N1h2 Bb7 14. Ng4 Rad8 15. Qe2 Nf4 16. Bxf4 Qxf4 17. g3 Qc7 18. Qe3 Rd7 19. Rad1 h5 20. Nh6+ Kh8 21. Nxf7+ Rxf7 22. Bxe6 Bf6 23. Bxf7 Rxf7 24. Qe8+ Kh7 25. Re4 Nd8 26. Rf4 Bc6 27. Qe2 g5 28. Nxg5+ Bxg5 29. Qxh5+ Bh6 30. Rg4 Qd6 31. Re4 Bxe4 32. dxe4 Qf6 33. f4 Rg7 34. Kh2 Nf7 35. Rd5 Kg8 36. e5 Qe6 37. Qf3 Qf5 38. Rd3 c4 39. Re3 Kh7 40. e6 Nd6 41. e7 Ne8 42. Re5 Qc2+ 43. Re2 1/2-1/2

[Event "ROM-ch"]
[Site "Sarata Monteoru"]
[Date "2012.02.18"]
[Round "8"]
[White "Carapit, Vasile"]
[Black "Fulger, Ionut Alexandru"]
[Result "0-1"]
[WhiteElo "1849"]
[BlackElo "1946"]
[PlyCount "56"]
[EventDate "2012.02.13"]
[EventType "swiss"]
[EventRounds "11"]
[EventCountry "ROU"]
[SourceTitle "CBM 147 Extra"]
[Source "ChessBase"]
[SourceDate "2012.04.24"]
[SourceVersion "1"]
[SourceVersionDate "2012.04.24"]
[SourceQuality "1"]

1. e4 e6 2. g3 d5 3. Bg2 c5 4. exd5 exd5 5. Qe2+ Be6 6. Nh3 Bd6 7. Bxd5 Qe7 8. Bxe6 fxe6 9. Qb5+ Nc6 10. 0-0 0-0-0 11. c3 h5 12. Qe2 h4 13. g4 Nf6 14. d3 Ne5 15. f3 Nxd3 16. Na3 Bb8 17. Nc4 e5 18. Bf4 Rhe8 19. Bg5 e4 20. Bxh4 Rh8 21. Bxf6 Qxf6 22. fxe4 Qe6 23. Rf3 Rxh3 24. Rxh3 Nf4 25. Qf1 Qxg4+ 26. Rg3 Ne2+ 27. Kf2 Bxg3+ 28. hxg3 Rf8+ 0-1

[Event "IBCA EU-ch blind 05th"]
[Site "Rhodes"]
[Date "2011.09.14"]
[Round "8"]
[White "Carapit, Vasile"]
[Black "Tonteri, Ari"]
[Result "1-0"]
[WhiteElo "1845"]
[BlackElo "1990"]
[PlyCount "96"]
[EventDate "2011.09.06"]
[EventType "swiss"]
[EventRounds "9"]
[EventCountry "GRE"]
[SourceTitle "CBM 144 Extra"]
[Source "ChessBase"]
[SourceDate "2011.10.28"]
[SourceVersion "1"]
[SourceVersionDate "2011.10.28"]
[SourceQuality "1"]

1. d4 Nf6 2. Bf4 g6 3. Nf3 Bg7 4. e3 d6 5. h3 0-0 6. c3 Nbd7 7. Nbd2 c5 8. Bd3 b6 9. 0-0 Bb7 10. Qc2 Rc8 11. Be4 Nxe4 12. Nxe4 cxd4 13. exd4 Re8 14. Bg3 h6 15. Rfe1 Qc7 16. Qb3 e5 17. Rad1 Re6 18. d5 Ree8 19. Qb4 Nc5 20. Nxc5 Qxc5 21. Qb3 f5 22. Bh2 g5 23. Nxe5 f4 24. Nc6 Ra8 25. Qb4 Bxc6 26. Qxc5 bxc5 27. dxc6 Be5 28. f3 Rac8 29. Kf1 Rxc6 30. Bg1 Rb8 31. Re2 Kf7 32. Rd5 Ke6 33. c4 Kf6 34. b3 Rb7 35. Bf2 Re7 36. Be1 Rcc7 37. Ba5 Rb7 38. Bd8 Rbd7 39. Bxe7+ Rxe7 40. Re4 Rb7 41. Rexe5 dxe5 42. Rxc5 Rd7 43. Rc6+ Kf5 44. Ke2 h5 45. c5 e4 46. fxe4+ Kxe4 47. Rh6 h4 48. Rd6 Re7 1-0

[Event "ROM-ch op"]
[Site "Sarata Monteoru"]
[Date "2011.02.18"]
[Round "9"]
[White "Carapit, Vasile"]
[Black "Hlinschi, Mihai"]
[Result "1-0"]
[WhiteElo "1830"]
[BlackElo "1720"]
[PlyCount "83"]
[EventDate "2011.02.12"]
[EventType "swiss"]
[EventRounds "11"]
[EventCountry "ROU"]
[SourceTitle "EXT 2013"]
[Source "ChessBase"]
[SourceDate "2012.11.22"]
[SourceVersion "1"]
[SourceVersionDate "2012.11.22"]
[SourceQuality "1"]

1. d4 d5 2. Nf3 f5 3. Bf4 Nf6 4. e3 e6 5. Nbd2 Bd6 6. Ne5 Nbd7 7. Ndf3 0-0 8. Ng5 Qe7 9. h4 c5 10. c3 Bxe5 11. dxe5 Ng4 12. c4 dxc4 13. Bxc4 Ndxe5 14. Be2 Rd8 15. Qc2 Ng6 16. Bxg4 Nxf4 17. exf4 h6 18. Be2 hxg5 19. hxg5 g6 20. Rh6 Kg7 21. Qc3+ Rd4 22. Qh3 e5 23. Rh7+ Kf8 24. Rh8+ Kf7 25. Qh7+ Ke6 26. Qxg6+ Kd5 27. Re8 Qd6 28. Rxe5+ Kc6 29. Bf3+ Kb6 30. Qxd6+ Rxd6 31. Rc1 Be6 32. Rcxc5 a6 33. a4 Rc8 34. b4 Bd7 35. a5+ Ka7 36. Rxc8 Bxc8 37. Re7 Rd4 38. g6 Rd6 39. g7 Rg6 40. Rc7 Kb8 41. Re7 Ka7 42. Bd5 1-0

[Event "ROM-ch op"]
[Site "Sarata Monteoru"]
[Date "2011.02.17"]
[Round "7"]
[White "Carapit, Vasile"]
[Black "Dumitrascu, Cornel"]
[Result "0-1"]
[WhiteElo "1830"]
[BlackElo "2090"]
[PlyCount "50"]
[EventDate "2011.02.12"]
[EventType "swiss"]
[EventRounds "11"]
[EventCountry "ROU"]
[SourceTitle "CBM 140 Extra"]
[Source "ChessBase"]
[SourceDate "2011.03.01"]
[SourceVersion "1"]
[SourceVersionDate "2011.03.01"]
[SourceQuality "1"]

1. d4 g6 2. Nf3 Bg7 3. Bf4 d6 4. e3 Nf6 5. h3 0-0 6. Bd3 Nbd7 7. 0-0 Qe8 8. Bg5 e5 9. Bc4 h6 10. Bh4 Kh8 11. c3 Nh5 12. g4 Nhf6 13. Nbd2 h5 14. g5 Nh7 15. Kh2 e4 16. Ne1 c6 17. Ng2 f6 18. f4 Nb6 19. Qe1 Nxc4 20. Nxc4 Qe6 21. f5 Qxc4 22. fxg6 fxg5 23. Bxg5 Rxf1 24. Qxf1 Qxf1 25. Rxf1 Nxg5 0-1

[Event "ROM-ch op"]
[Site "Sarata Monteoru"]
[Date "2011.02.17"]
[Round "8"]
[White "Lupascu, Matei Alexandru"]
[Black "Carapit, Vasile"]
[Result "1-0"]
[WhiteElo "1946"]
[BlackElo "1830"]
[PlyCount "73"]
[EventDate "2011.02.12"]
[EventType "swiss"]
[EventRounds "11"]
[EventCountry "ROU"]
[SourceTitle "CBM 140 Extra"]
[Source "ChessBase"]
[SourceDate "2011.03.01"]
[SourceVersion "1"]
[SourceVersionDate "2011.03.01"]
[SourceQuality "1"]

1. d4 e6 2. c4 Nf6 3. Nf3 d5 4. Nc3 b6 5. cxd5 Nxd5 6. e4 Nxc3 7. bxc3 Bb7 8. Bd3 Be7 9. 0-0 0-0 10. Qc2 Nd7 11. Be3 c5 12. Rad1 Qc7 13. Qb1 Rac8 14. Nd2 g6 15. e5 Kg7 16. Ne4 Rg8 17. Qb2 Bd5 18. Bc1 h5 19. Qd2 Rh8 20. Ba3 Rcd8 21. f4 Kf8 22. Ng5 c4 23. Bxe7+ Kxe7 24. Be4 Qc6 25. Rfe1 Nc5 26. Bxd5 Qxd5 27. Re2 Nd3 28. Ne4 h4 29. f5 Qc6 30. Qg5+ Kd7 31. fxe6+ Qxe6 32. d5 Qe7 33. e6+ fxe6 34. dxe6+ Qxe6 35. Nf6+ Kd6 36. Rxe6+ Kxe6 37. Ne4 1-0

[Event "IBCA Wch blind 12th"]
[Site "Belgrade"]
[Date "2010.09.02"]
[Round "7.50"]
[White "Carapit, Vasile"]
[Black "Tupilusi, Tudorel"]
[Result "1/2-1/2"]
[WhiteElo "1842"]
[BlackElo "1639"]
[PlyCount "38"]
[EventDate "2010.08.26"]
[EventType "swiss"]
[EventRounds "9"]
[EventCountry "SRB"]
[SourceTitle "EXT 2011"]
[Source "ChessBase"]
[SourceDate "2010.11.26"]
[SourceVersion "1"]
[SourceVersionDate "2010.11.26"]
[SourceQuality "1"]

1. e4 e5 2. Nf3 Nc6 3. Bc4 Nf6 4. d3 d5 5. exd5 Nxd5 6. 0-0 Be6 7. Re1 Bd6 8. h3 Qd7 9. Ng5 0-0-0 10. Nxe6 Qxe6 11. Bxd5 Qxd5 12. Nc3 Qd4 13. Ne4 f5 14. Nxd6+ Rxd6 15. Qe2 Rg6 16. c3 Qh4 17. Kh2 f4 18. Bd2 Rf8 19. Qf3 Rf5 1/2-1/2